Code dạo kí sự Lập trình viên đâu phải chỉ biết code

में बचाया:
ग्रंथसूची विवरण
मुख्य लेखक: Phạm, Huy Hoàng
स्वरूप: पुस्तक
प्रकाशित: Hà Nội Dân trí 2017
संस्करण:tái bản lần thứ 1
विषय:
टैग : टैग जोड़ें
कोई टैग नहीं, इस रिकॉर्ड को टैग करने वाले पहले व्यक्ति बनें!
Thư viện lưu trữ: Trung tâm Học liệu Lê Vũ Hùng, Trường Đại học Đồng Tháp
LEADER 00838pam a22002538a 4500
001 00041141
005 20180402150435.0
008 110608s1997 ||||||Viesd
020 # # |c 159000  |a 978 604 88 3776 1 
041 0 # |a Vie 
082 1 4 |a 005.1  |b C419D 
100 1 # |a Phạm, Huy Hoàng 
245 0 0 |a Code dạo kí sự  |c Phạm Huy Hoàng  |b Lập trình viên đâu phải chỉ biết code 
250 # # |a tái bản lần thứ 1 
260 # # |a Hà Nội  |b Dân trí  |c 2017 
300 # # |a 297 tr.  |c 24 cm. 
650 # 4 |a Văn hóa 
653 # # |a Công nghệ thông tin 
653 # # |a Hướng nghiệp 
653 # # |a Tin học 
653 # # |a lập trình 
852 # # |j KD.0023314  |j KM.0024619 
910 |d 02/04/2018 
980 # # |a Trung tâm Học liệu Lê Vũ Hùng, Trường Đại học Đồng Tháp